| 000 | 00943cam a22002771 4500 | ||
|---|---|---|---|
| 001 | sa 64008962 | ||
| 003 | DLC | ||
| 005 | 20260227112058.0 | ||
| 008 | 900226s1961 ii 000 0 sano | ||
| 010 | _asa 64008962 | ||
| 035 | _a(OCoLC)21123766 | ||
| 040 |
_aDLC _cWaU _dDLC |
||
| 042 | _apremarc | ||
| 050 | 0 | 0 |
_aPK519 _b.V3 |
| 100 | 0 |
_aVaradarāja, _dactive 17th century. |
|
| 245 | 1 | 0 | _aLaghusiddhāntakaumudī. |
| 260 | _c1961. | ||
| 300 |
_a2, 4, 1084 p. _c19 cm. |
||
| 500 | _aIn Sanskrit. | ||
| 500 | _aThe Laghusiddhāntakaumudī by Varadarāja is based on the Siddhāntakaumudī by Bhaṭṭojī Dīkṣita, which is in turn a commentary on Pāṇini's Aṣṭādhyāyi. | ||
| 650 | 0 |
_aSanskrit language _xGrammar. |
|
| 700 | 1 |
_aGhildiyal, Shridharanand Sharma, _d1927- |
|
| 700 | 1 | _aŚāstrī, Parameśvarānanda. | |
| 700 | 0 |
_aBhaṭṭojī Dīkṣita. _tSiddhāntakaumudī. |
|
| 700 | 0 |
_aPāṇini. _tAṣṭādhyāyi. |
|
| 999 |
_c61149 _d61149 |
||